Obscure Trivia #10 - Statistics

General Stats
  • This quiz has been taken 43 times
  • The average score is 6 of 20
Answer Stats
Question Answer % Correct
A group of bats is sometimes called … A cauldron
60%
Which U.S. President, according to his wishes, was buried wrapped in the American flag, and with his head resting on a copy of the Constitution? Andrew Johnson
60%
Who was the first First Lady to decorate the White House for Halloween? Mamie Eisenhower
60%
Approximately how many stars can be found in our solar system? 1
40%
Which cheese is banned for commercial sale in the EU and the U.S. because of the maggots it contains? Casu Marzu (Sardinia)
40%
What can be used (in an absolute emergency) in place of blood plasma? Coconut water
40%
Burma : Myanmar :: Swaziland : ? Eswatini
40%
Pee Pee Township, home to 7,392 people in 2020, is located in which U.S. state? Ohio
40%
What do Electric, Dooley, and Copperopolis (all in Montana) have in common? They are ghost towns
40%
On 17 June, 2021, Juneteenth became the first new federal holiday since … 1983
20%
How many U.S. state names have five syllables? 3
20%
Kopi luwak is a coffee that consists of partially digested coffee cherries, which have been eaten and defecated by the Asian palm civet. The cherries are fermented as they pass through a civet's intestines, and after being defecated with other fecal matter, they are collected. How much does a pound of this coffee cost if it is made with wild-collected beans? $600/lb.
20%
How many countries are considered to be located in the Alpine region? 8
20%
Yekaterinburg Time (UTC +5) is used all year in parts of Russia. Which country does NOT use a time zone with the +5 offset? Afghanistan
20%
Where would a surgeon find your glabella? Between your eyebrows
20%
In which U.S. state must a child’s bedroom be no more than 200 feet from a bathtub or shower and a toilet? Pennsylvania
20%
Which U.S. state had the cleanest water in 2021? Rhode Island
20%
A fear of getting angry is called … Angrophobia
0%
Jalapeño, Maple, Teriyaki, and Pumpkin Spice are all varieties of what food product? SPAM
0%
Where do sea otters store extra food for later? Under their forearms
0%
No matching quizzes found
Score Distribution
Percent of People with Each Score
Percentile by Number Answered
Your Score History
You have not taken this quiz